000
00358nam a22001337a 4500
020
_a
9787513817417
082
_a
915.1035 CHI
100
_a
Sinolingua
245
_a
China close-up: China, a closer country
_c
Sinolingua
260
_a
Beijing
_b
Sinolingua
_c
2019
300
_a
155p
942
_2
ddc
_c
BK
999
_c
586559
_d
586559